[Event "Prva liga Centralne Srbije 2010"]
[Site "Valjevo"]
[Date "2010.09.19"]
[Round "2.1"]
[White "Szabo, Gergely-Andras-Gyula"]
[Black "Kojovic, Dragan"]
[Result "1-0"]
[WhiteElo "2552"]
[BlackElo "2388"]
[PlyCount "63"]
[EventDate "2010.09.18"]

1. c4 e5 2. g3 d6 3. Bg2 f5 4. Nc3 Nf6 5. d3 Be7 6. e3 O-O 7. Nge2 c6 8. O-O a5
9. Rb1 Be6 10. f4 Na6 11. a3 Qd7 12. b4 axb4 13. axb4 Rab8 14. Qd2 b5 15. cxb5
cxb5 16. h3 Rfc8 17. Kh2 Nc7 18. Bb2 Na6 19. Ba1 Bd8 20. Ng1 Bb6 21. Nf3 exf4
22. gxf4 h6 23. Ne2 Qf7 24. Nfd4 Bd5 25. Rg1 Bxg2 26. Rxg2 Qd5 27. Rbg1 Rc7 28.
Nc3 Rxc3 29. Rxg7+ Kf8 30. Qxc3 Ng4+ 31. hxg4 Kxg7 32. Nxf5+ 1-0

[Event "Prva liga Centralne Srbije 2010"]
[Site "Valjevo"]
[Date "2010.09.19"]
[Round "2.1"]
[White "Solomunovic, Igor"]
[Black "Boskovic, Drasko"]
[Result "1-0"]
[WhiteElo "2406"]
[BlackElo "2417"]
[PlyCount "165"]
[EventDate "2010.09.18"]

1. d4 Nf6 2. Nf3 g6 3. c4 Bg7 4. Nc3 d5 5. cxd5 Nxd5 6. e4 Nxc3 7. bxc3 c5 8.
Be2 Nc6 9. Be3 Bg4 10. e5 O-O 11. O-O cxd4 12. cxd4 Qd7 13. Qd2 Rfd8 14. Rfd1
Rac8 15. h3 Be6 16. Ng5 Bd5 17. Bg4 e6 18. h4 h5 19. Bh3 Ne7 20. g4 hxg4 21.
Bxg4 Nf5 22. h5 Bc6 23. hxg6 fxg6 24. Bxf5 exf5 25. Kh2 Qd5 26. f4 Bh6 27. Nh3
Kf7 28. Rg1 Rh8 29. Rg3 Ba4 30. Rc1 Rxc1 31. Qxc1 Qxa2+ 32. Rg2 Qd5 33. Qc7+
Bd7 34. Rb2 b5 35. Qxa7 Ra8 36. Qc5 Qxc5 37. dxc5 Ra3 38. Rd2 Ke8 39. Bf2 b4
40. Rd6 Rc3 41. e6 Bc8 42. Rc6 Bb7 43. Rb6 Bd5 44. Bh4 Rc2+ 45. Kg1 g5 46. Nxg5
b3 47. Nh7 Bxe6 48. Rxe6+ Kd7 49. Rxh6 b2 50. Rb6 Rc1+ 51. Kg2 b1=Q 52. Nf6+
Kc7 53. Ne8+ Kd7 54. Rxb1 Rxb1 55. Ng7 Rb4 56. Kf3 Rb3+ 57. Ke2 Rb4 58. Nh5 Kc6
59. Bf2 Kd5 60. Kf3 Rb3+ 61. Be3 Ke6 62. Ke2 Rb2+ 63. Kd3 Rb3+ 64. Kd4 Rb4+ 65.
Kc3 Rb7 66. Bd4 Kd5 67. Nf6+ Kc6 68. Kc4 Rb1 69. Nd5 Rc1+ 70. Bc3 Kd7 71. Kd4
Ke6 72. Kc4 Kd7 73. Nb4 Ke6 74. Nc6 Kd7 75. Nd4 Rf1 76. Bd2 Rd1 77. c6+ Kc8 78.
Bb4 Kc7 79. Kd5 Rd3 80. Bd6+ Kc8 81. Be5 Rd1 82. Ke6 Re1 83. Nxf5 1-0

[Event "Prva liga Centralne Srbije 2010"]
[Site "Valjevo"]
[Date "2010.09.19"]
[Round "2.1"]
[White "Stankovic, Milos"]
[Black "Vratonjic, Slobo"]
[Result "1/2-1/2"]
[WhiteElo "2315"]
[BlackElo "2404"]
[PlyCount "64"]
[EventDate "2010.09.18"]

1. e4 Nc6 2. Nf3 d6 3. d4 Nf6 4. Nc3 Bg4 5. Bb5 a6 6. Bxc6+ bxc6 7. Qd3 Bxf3 8.
Qxf3 e6 9. e5 Nd5 10. O-O Be7 11. Ne4 O-O 12. Bd2 f5 13. exf6 Bxf6 14. Qd3 e5
15. c4 Nf4 16. Bxf4 exf4 17. Rad1 Qd7 18. Qf3 Be7 19. Nc3 Rae8 20. Rfe1 Bh4 21.
Qh5 Rxe1+ 22. Rxe1 Bf6 23. Re4 f3 24. gxf3 g6 25. Qg4 Qf7 26. b3 c5 27. Nd5
Bxd4 28. Rf4 Qe8 29. Re4 Qf7 30. Rf4 Qe8 31. Re4 Qf7 32. Rf4 Qe8 1/2-1/2

[Event "Prva liga Centralne Srbije 2010"]
[Site "Valjevo"]
[Date "2010.09.19"]
[Round "2.1"]
[White "Rabrenovic, Vladan"]
[Black "Krstic, Petar"]
[Result "0-1"]
[WhiteElo "2384"]
[BlackElo "2347"]
[PlyCount "106"]
[EventDate "2010.09.18"]

1. d4 d5 2. c4 e6 3. Nc3 Nf6 4. Bg5 Be7 5. e3 O-O 6. Nf3 c6 7. Rc1 Nbd7 8. Bd3
dxc4 9. Bxc4 b5 10. Bd3 a6 11. e4 h6 12. Bxf6 Nxf6 13. e5 Nd5 14. Nxd5 cxd5 15.
O-O Bd7 16. Bb1 b4 17. Qd3 g6 18. Qe3 Kg7 19. Qf4 Bb5 20. Rfe1 Qb6 21. h4 Rac8
22. Nh2 Rxc1 23. Rxc1 Qd8 24. Nf3 Rh8 25. g3 Qb6 26. Qd2 a5 27. Kg2 a4 28. Bd3
Bd7 29. h5 g5 30. g4 b3 31. a3 Rc8 32. Rxc8 Bxc8 33. Qe2 Bd7 34. Kf1 Qc7 35.
Qd2 Qb6 36. Ke2 Bb5 37. Bxb5 Qxb5+ 38. Qd3 Qc6 39. Kd1 Bd8 40. Nd2 Bb6 41. Nf3
Qc4 42. Qxc4 dxc4 43. Nd2 Bxd4 44. Nxc4 Bxf2 45. Ke2 Bc5 46. Kd3 f5 47. exf6+
Kxf6 48. Ke4 e5 49. Nxe5 Bxa3 50. Nd7+ Ke7 51. Nb6 Bxb2 52. Nxa4 Bf6 53. Kf5
Kf7 0-1

[Event "Prva liga Centralne Srbije 2010"]
[Site "Valjevo"]
[Date "2010.09.19"]
[Round "2.1"]
[White "Misailovic, Nebojsa"]
[Black "Sredojevic, Ivan"]
[Result "0-1"]
[WhiteElo "2303"]
[BlackElo "2390"]
[PlyCount "104"]
[EventDate "2010.09.18"]

1. e4 c5 2. Nc3 Nc6 3. Nge2 g6 4. d4 cxd4 5. Nxd4 Bg7 6. Be3 d6 7. Be2 Nf6 8.
O-O O-O 9. Kh1 Bd7 10. f4 Nxd4 11. Bxd4 Bc6 12. Bf3 b5 13. e5 Bxf3 14. Qxf3
dxe5 15. Bxe5 b4 16. Ne4 Rc8 17. Rad1 Qa5 18. Nxf6+ exf6 19. Bd6 Rfe8 20. Qb3
Qf5 21. Rde1 a5 22. a3 bxa3 23. bxa3 Qd7 24. Rxe8+ Rxe8 25. Qb6 Rc8 26. Bc5 Qc6
27. Bd4 Qxc2 28. f5 Qd3 29. Kg1 Qxa3 30. Bxf6 Bxf6 31. Qxf6 Qe3+ 32. Kh1 Rc1
33. Qd8+ Kg7 34. f6+ Kh6 35. Qf8+ Kh5 36. g4+ Kxg4 37. Rxc1 Qxc1+ 38. Kg2 Qb2+
39. Kg1 Qxf6 40. Qa3 Qd4+ 41. Kg2 Qe4+ 42. Kf2 a4 43. Qg3+ Kh5 44. Qc3 g5 45.
Kg3 f6 46. Qa3 Kg6 47. Qf8 Qe6 48. Qa8 Qd6+ 49. Kg4 f5+ 50. Kh3 g4+ 51. Kg2
Qd2+ 52. Kg1 Qd1+ 0-1

[Event "Prva liga Centralne Srbije 2010"]
[Site "Valjevo"]
[Date "2010.09.19"]
[Round "2.1"]
[White "Lazic, Dragoljub"]
[Black "Civric, Zdravko"]
[Result "1-0"]
[WhiteElo "2319"]
[BlackElo "2204"]
[PlyCount "105"]
[EventDate "2010.09.18"]

1. e4 c5 2. Nf3 Nc6 3. d4 cxd4 4. Nxd4 Nf6 5. Nc3 e5 6. Ndb5 d6 7. Bg5 a6 8.
Na3 b5 9. Nd5 Be7 10. Bxf6 Bxf6 11. c3 Bg5 12. Nc2 O-O 13. a4 Rb8 14. axb5 axb5
15. Bd3 f5 16. Qe2 Ne7 17. Nxe7+ Qxe7 18. Nb4 Bb7 19. O-O fxe4 20. Bxe4 Rf4 21.
Bd5+ Bxd5 22. Nxd5 Qf7 23. Nxf4 Qxf4 24. g3 Qc4 25. Qh5 Bf6 26. Rfd1 d5 27. Ra7
d4 28. cxd4 exd4 29. Rb7 Rf8 30. Qxb5 Qc2 31. Qb3+ Qxb3 32. Rxb3 Kf7 33. Rb6
Rc8 34. Rd2 Rc1+ 35. Kg2 Rb1 36. h4 Re1 37. Kf3 Rb1 38. h5 Ke7 39. Re2+ Kd7 40.
h6 d3 41. Rd2 Kc7 42. Ra6 Kc8 43. hxg7 Bxg7 44. Ra7 Bxb2 45. Rxh7 Bd4 46. Rxd3
Bb6 47. Kg2 Rb2 48. Rf3 Bc5 49. Rc3 Rxf2+ 50. Kh3 Rf5 51. Kg4 Rd5 52. Rh5 Rd4+
53. Kh3 1-0

[Event "Prva liga Centralne Srbije 2010"]
[Site "Valjevo"]
[Date "2010.09.19"]
[Round "2.2"]
[White "Sandic, Vladeta"]
[Black "Milenkovic, Mladen"]
[Result "1-0"]
[WhiteElo "2331"]
[BlackElo "2406"]
[PlyCount "119"]
[EventDate "2010.09.18"]

1. d4 Nf6 2. c4 c5 3. Nf3 cxd4 4. Nxd4 b6 5. Nc3 Bb7 6. f3 e6 7. e4 Bb4 8. Be2
O-O 9. O-O Nc6 10. Nxc6 Bxc6 11. Bg5 h6 12. Bh4 Qe7 13. Kh1 g5 14. Bf2 Nh5 15.
e5 Bxc3 16. bxc3 Nf4 17. Be3 f6 18. Bxf4 gxf4 19. Qd4 fxe5 20. Qxe5 Rf5 21. Qd4
e5 22. Qf2 Kh8 23. Bd3 Rh5 24. Rae1 Rg8 25. Be4 Ba4 26. Bd5 Rg3 27. Re2 d6 28.
Ra1 Kg7 29. Qg1 Kf8 30. Qf2 Qh4 31. Qg1 Ke7 32. Rd2 Rg7 33. Re2 Kd8 34. Rd2 Kc7
35. Rb2 Rhg5 36. Rab1 Kd8 37. Re2 Ke7 38. Rb4 Bd7 39. a4 Bh3 40. Rbb2 Kf6 41.
a5 bxa5 42. c5 dxc5 43. Qxc5 Bxg2+ 44. Rxg2 Qe1+ 45. Qg1 Qxc3 46. Rxg5 Rxg5 47.
Qb1 Qd4 48. Be4 Rg7 49. Rc2 Rd7 50. Rg2 Rg7 51. Rc2 Rd7 52. Rc1 a4 53. Qb8 Rd8
54. Qc7 Rd7 55. Qc8 Ke7 56. Qh8 Qd6 57. Rg1 Qd4 58. Bf5 Rc7 59. Rg7+ Kd6 60.
Qd8+ 1-0

[Event "Prva liga Centralne Srbije 2010"]
[Site "Valjevo"]
[Date "2010.09.19"]
[Round "2.2"]
[White "Brankovic, Dejan"]
[Black "Ivanovic, Dragutin"]
[Result "1/2-1/2"]
[WhiteElo "2343"]
[BlackElo "2329"]
[PlyCount "49"]
[EventDate "2010.09.18"]

1. e4 c5 2. Nf3 e6 3. d4 cxd4 4. Nxd4 Nc6 5. Nc3 Qc7 6. Be2 a6 7. Be3 Nf6 8.
O-O Be7 9. f4 d6 10. Qe1 O-O 11. Qg3 Nxd4 12. Bxd4 b5 13. a3 Bb7 14. Rae1 Bc6
15. Bd3 Qb7 16. e5 dxe5 17. fxe5 Nh5 18. Qh3 g6 19. Ne4 Rad8 20. c3 Bxe4 21.
Bxe4 Qc7 22. b4 Rd7 23. g4 Ng7 24. Qh6 Qd8 25. Be3 1/2-1/2

[Event "Prva liga Centralne Srbije 2010"]
[Site "Valjevo"]
[Date "2010.09.19"]
[Round "2.2"]
[White "Sorgic, Dragan"]
[Black "Dezelin, Milan"]
[Result "0-1"]
[WhiteElo "2289"]
[BlackElo "2273"]
[PlyCount "126"]
[EventDate "2010.09.18"]

1. e4 c5 2. Nf3 Nc6 3. Bb5 g6 4. c3 Qb6 5. a4 Bg7 6. O-O Nf6 7. e5 Nd5 8. d4
cxd4 9. cxd4 a6 10. Bc4 Ncb4 11. Qb3 e6 12. a5 Qc6 13. Bd2 Bf8 14. Rc1 b5 15.
Bd3 Qb7 16. Be4 Qb8 17. Bxb4 Nxb4 18. Bxa8 Qxa8 19. Nc3 Bb7 20. Ne1 h5 21. f3
Nc6 22. Ne4 Nxd4 23. Nf6+ Kd8 24. Qe3 Qa7 25. Kh1 Nc6 26. Qg5 Be7 27. Rd1 Nb8
28. Nd3 h4 29. h3 Qd4 30. b4 Bc6 31. Rab1 Rh5 32. Qg4 Qxg4 33. fxg4 Rh8 34.
Rbc1 g5 35. Rf1 Rh6 36. Ng8 Rh7 37. Nxe7 Kxe7 38. Nc5 Bd5 39. Rcd1 Rh6 40. Kh2
f6 41. exf6+ Rxf6 42. Rxf6 Kxf6 43. Rf1+ Ke7 44. g3 hxg3+ 45. Kxg3 d6 46. Nd3
Bc4 47. Rd1 Nc6 48. h4 gxh4+ 49. Kxh4 e5 50. g5 e4 51. Nb2 Be6 52. g6 Nxb4 53.
Kg5 Nc6 54. Rh1 d5 55. Rh6 Ne5 56. Rh7+ Kd6 57. Ra7 e3 58. Rxa6+ Kd7 59. Ra7+
Kd6 60. Rh7 e2 61. Rh1 d4 62. a6 Bd5 63. Kf5 Bxh1 0-1

[Event "Prva liga Centralne Srbije 2010"]
[Site "Valjevo"]
[Date "2010.09.19"]
[Round "2.2"]
[White "Milosevic, Aleksandar"]
[Black "Nikolic, Dragovan"]
[Result "1-0"]
[WhiteElo "2254"]
[BlackElo "2296"]
[PlyCount "61"]
[EventDate "2010.09.18"]

1. Nf3 c5 2. c4 g6 3. e3 Bg7 4. Be2 Nf6 5. a3 O-O 6. b3 d5 7. cxd5 Nxd5 8. Ra2
Nc6 9. Bb2 e5 10. d3 Be6 11. Nbd2 Qe7 12. O-O Rfd8 13. Ba1 Rac8 14. Qb1 g5 15.
Rc1 g4 16. Ne1 b6 17. Rac2 Qg5 18. b4 Nxe3 19. Ne4 Qh6 20. fxe3 Qxe3+ 21. Nf2
Nd4 22. Bxd4 Rxd4 23. g3 Bd5 24. Bf1 Bh6 25. Ng2 Qf3 26. Nh4 Qf6 27. Re1 Bf3
28. Nxf3 gxf3 29. Re4 Qd6 30. Qe1 Re8 31. Bh3 {crni je izgubio zbog
prekoracenja vremena} 1-0

[Event "Prva liga Centralne Srbije 2010"]
[Site "Valjevo"]
[Date "2010.09.19"]
[Round "2.2"]
[White "Vuckovic, Branko"]
[Black "Cvetanovic, Uros"]
[Result "1/2-1/2"]
[WhiteElo "2243"]
[BlackElo "2218"]
[PlyCount "148"]
[EventDate "2010.09.18"]

1. e4 c5 2. Nf3 e6 3. c3 Nf6 4. e5 Nd5 5. d4 cxd4 6. cxd4 d6 7. Nc3 Nxc3 8.
bxc3 d5 9. Bd3 Be7 10. Ba3 Qa5 11. Bxe7 Qxc3+ 12. Ke2 Kxe7 13. Rc1 Qb4 14. a3
Qb6 15. Qd2 Nc6 16. Qg5+ Kf8 17. h4 Bd7 18. Rb1 Nxd4+ 19. Nxd4 Qxd4 20. Rxb7 h6
21. Qe3 Qxe3+ 22. fxe3 Be8 23. Rc1 g6 24. Rcc7 a5 25. Kd2 Kg7 26. Re7 Kf8 27.
a4 Kg7 28. Rxe6 Bxa4 29. Rxg6+ Kf8 30. Rf6 Be8 31. Bg6 Rg8 32. Bxf7 Rxg2+ 33.
Kd3 Bxf7 34. Rbxf7+ Kg8 35. e6 Rg7 36. Kd4 a4 37. Kxd5 a3 38. Rxg7+ Kxg7 39.
Rf7+ Kg8 40. Rf1 a2 41. e7 Kg7 42. e4 Ra5+ 43. Kd4 Ra4+ 44. Kd3 Ra8 45. Ke3
Ra3+ 46. Kd2 Ra8 47. Kd3 Kg6 48. Kd4 Ra4+ 49. Kd5 Ra5+ 50. Kc6 Ra6+ 51. Kc7
Ra7+ 52. Kd6 Ra6+ 53. Kd5 Ra5+ 54. Kd4 Ra4+ 55. Kd3 Ra8 56. h5+ Kxh5 57. Ra1
Kg6 58. Rxa2 Re8 59. Ra6+ Kf7 60. Rxh6 Rxe7 61. Kd4 Re6 62. Rh5 Ra6 63. Ke3 Re6
64. Kf4 Ra6 65. Rh7+ Ke8 66. Kf5 Rb6 67. Ra7 Rc6 68. Ke5 Rb6 69. Rc7 Ra6 70.
Kd5 Rh6 71. e5 Ra6 72. Rc3 Ke7 73. Rc7+ Ke8 74. Rc6 Rxc6 1/2-1/2

[Event "Prva liga Centralne Srbije 2010"]
[Site "Valjevo"]
[Date "2010.09.19"]
[Round "2.3"]
[White "Savicevic, Vlatko"]
[Black "Rusev, Krasimir"]
[Result "1/2-1/2"]
[WhiteElo "2353"]
[BlackElo "2524"]
[PlyCount "39"]
[EventDate "2010.09.18"]

1. e4 e6 2. d4 d5 3. Nd2 Be7 4. Ngf3 Nf6 5. Bd3 c5 6. dxc5 dxe4 7. Nxe4 Nxe4 8.
Bxe4 Qxd1+ 9. Kxd1 Bxc5 10. Ke2 Nd7 11. Bf4 Be7 12. Bd3 a6 13. c4 f6 14. Be3
Nc5 15. Bc2 a5 16. Nd4 Bd7 17. Rhd1 g6 18. Rd2 Rc8 19. Rad1 Rc7 20. Nb5 1/2-1/2

[Event "Prva liga Centralne Srbije 2010"]
[Site "Valjevo"]
[Date "2010.09.19"]
[Round "2.3"]
[White "Radovanovic, Dusan"]
[Black "Simic, Dragisa"]
[Result "1/2-1/2"]
[WhiteElo "2387"]
[BlackElo "2348"]
[PlyCount "40"]
[EventDate "2010.09.18"]

1. d4 d5 2. c4 e6 3. Nf3 c6 4. e3 f5 5. Bd3 Nf6 6. O-O Be7 7. b3 O-O 8. Ba3
Bxa3 9. Nxa3 Ne4 10. Ne5 Nd7 11. Nxd7 Bxd7 12. f3 Nf6 13. Nc2 Qe7 14. Qd2 e5
15. dxe5 Qxe5 16. cxd5 Nxd5 17. Bc4 Be6 18. Qd4 Qf6 19. Rad1 Bf7 20. Rfe1 a5
1/2-1/2

[Event "Prva liga Centralne Srbije 2010"]
[Site "Valjevo"]
[Date "2010.09.19"]
[Round "2.3"]
[White "Adzic, Momcilo"]
[Black "Radivojevic, Ivan"]
[Result "1/2-1/2"]
[WhiteElo "2269"]
[BlackElo "2361"]
[PlyCount "44"]
[EventDate "2010.09.18"]

1. e4 c6 2. d4 d5 3. Nc3 dxe4 4. Nxe4 Nd7 5. Nf3 Ngf6 6. Nxf6+ Nxf6 7. Bc4 Bf5
8. O-O e6 9. Re1 Be7 10. c3 O-O 11. Bg5 Nd7 12. Bxe7 Qxe7 13. Ne5 Rad8 14. Qf3
Nb6 15. Bb3 c5 16. Nc4 Qc7 17. Nxb6 axb6 18. dxc5 bxc5 19. Bc4 Rd2 20. Re2 Rxe2
21. Qxe2 Rd8 22. Rd1 Kf8 1/2-1/2

[Event "Prva liga Centralne Srbije 2010"]
[Site "Valjevo"]
[Date "2010.09.19"]
[Round "2.3"]
[White "Zivkovic, Ivan B"]
[Black "Rajevic, Gavrilo"]
[Result "1-0"]
[WhiteElo "2327"]
[BlackElo "2286"]
[PlyCount "69"]
[EventDate "2010.09.18"]

1. e4 c5 2. Nf3 d6 3. d4 cxd4 4. Nxd4 Nf6 5. Nc3 a6 6. Be3 e5 7. Nb3 Be6 8. f3
Nbd7 9. g4 b5 10. g5 b4 11. Na4 Nh5 12. Qd2 Be7 13. Rg1 a5 14. Qf2 h6 15. h4
hxg5 16. hxg5 Rb8 17. O-O-O Qc7 18. Nd2 Nf4 19. b3 Rh5 20. Bxf4 exf4 21. Nc4
Ne5 22. Nxe5 dxe5 23. g6 f5 24. exf5 Bxf5 25. Bc4 Bf6 26. Bf7+ Ke7 27. Rd5 Rd8
28. Rxd8 Qxd8 29. Rd1 Qc7 30. Nb6 Kf8 31. Nd5 Qc6 32. Nxf6 gxf6 33. Rd8+ Ke7
34. Re8+ Qxe8 35. Qc5+ 1-0

[Event "Prva liga Centralne Srbije 2010"]
[Site "Valjevo"]
[Date "2010.09.19"]
[Round "2.3"]
[White "Rasic, Goran"]
[Black "Bojovic, Dusan"]
[Result "1-0"]
[WhiteElo "2219"]
[BlackElo "2342"]
[PlyCount "69"]
[EventDate "2010.09.18"]

1. d4 Nf6 2. c4 g6 3. Nc3 Bg7 4. e4 d6 5. Nf3 O-O 6. Be2 e5 7. O-O c6 8. Re1
Nbd7 9. Bf1 exd4 10. Nxd4 Nc5 11. Nb3 Ne6 12. h3 a5 13. a4 Qe7 14. Be3 Nd7 15.
Nd4 Ndc5 16. Nde2 Ra6 17. Ng3 Rb6 18. Ra3 Rxb2 19. Nf5 gxf5 20. exf5 Qd8 21.
fxe6 Bxe6 22. Ne2 Qh4 23. Bc1 Rb4 24. Nf4 Bxc4 25. Rg3 Bxf1 26. Rg4 Qd8 27. Nh5
Bd3 28. Rxg7+ Kh8 29. Bg5 f6 30. Ree7 Rb1 31. Rxh7+ Bxh7 32. Rxh7+ Kxh7 33.
Qxb1+ Kh8 34. Qg6 Ne6 35. Nxf6 1-0

[Event "Prva liga Centralne Srbije 2010"]
[Site "Valjevo"]
[Date "2010.09.19"]
[Round "2.4"]
[White "Dancevski, Orce"]
[Black "Bojkov, Dejan"]
[Result "1/2-1/2"]
[WhiteElo "2402"]
[BlackElo "2552"]
[PlyCount "103"]
[EventDate "2010.09.18"]

1. e4 e5 2. Nf3 Nc6 3. d4 exd4 4. Nxd4 Nf6 5. Nxc6 bxc6 6. e5 Qe7 7. Qe2 Nd5 8.
c4 Nb6 9. Nc3 Qe6 10. Qe4 g6 11. Bd3 Bg7 12. O-O O-O 13. Re1 Ba6 14. b3 d5 15.
cxd5 cxd5 16. Qf3 Bxd3 17. Qxd3 f6 18. Ba3 Rf7 19. f4 fxe5 20. fxe5 Bxe5 21.
Rac1 Re8 22. Kh1 c6 23. Bc5 Qg4 24. Ne2 Qh4 25. g3 Qh3 26. Ng1 Qd7 27. Nf3 Bf6
28. Rxe8+ Qxe8 29. Re1 Qc8 30. Kg2 Nd7 31. Bd6 Nf8 32. Qe3 Qf5 33. Bc5 Nd7 34.
Bxa7 c5 35. Qe6 Qd3 36. Re3 Qb1 37. Re2 d4 38. Bxc5 d3 39. Rf2 Nxc5 40. Qc8+
Kg7 41. Qxc5 Re7 42. g4 h6 43. h4 Rf7 44. Qd5 Bxh4 45. Nxh4 Rxf2+ 46. Kxf2 Qc2+
47. Kg3 d2 48. Qd7+ Kg8 49. Qe8+ Kg7 50. Qe7+ Kg8 51. Qe8+ Kg7 52. Qe7+ 1/2-1/2

[Event "Prva liga Centralne Srbije 2010"]
[Site "Valjevo"]
[Date "2010.09.19"]
[Round "2.4"]
[White "Ristic, Nebojsa M"]
[Black "Dudukovic, Nikola"]
[Result "1-0"]
[WhiteElo "2377"]
[BlackElo "2237"]
[PlyCount "73"]
[EventDate "2010.09.18"]

1. c4 c5 2. Nc3 Nc6 3. g3 g6 4. Bg2 Bg7 5. e3 d6 6. Nge2 Nf6 7. O-O O-O 8. d4
cxd4 9. exd4 Bf5 10. b3 Qc8 11. Be3 Ng4 12. Bg5 h6 13. Bc1 Nf6 14. d5 Ne5 15.
Bf4 Nd3 16. Be3 Nc5 17. Bd4 a5 18. Rc1 h5 19. h4 Qd7 20. Bxc5 dxc5 21. Na4 Qc7
22. Nec3 Rad8 23. Nb5 Qc8 24. Qd2 Bh3 25. Rfe1 Bxg2 26. Kxg2 Ng4 27. Rxe7 Qf5
28. Rce1 Bh6 29. Qe2 Kh7 30. Qf3 Qc2 31. R7e2 Bd2 32. Nxc5 f6 33. Ne6 Ne5 34.
Rxe5 fxe5 35. Qe2 Qf5 36. Nxf8+ Rxf8 37. Qxd2 1-0

[Event "Prva liga Centralne Srbije 2010"]
[Site "Valjevo"]
[Date "2010.09.19"]
[Round "2.4"]
[White "Djokic, Nebojsa"]
[Black "Djokic, Nenad"]
[Result "0-1"]
[WhiteElo "2198"]
[BlackElo "2374"]
[PlyCount "82"]
[EventDate "2010.09.18"]

1. e4 c5 2. Nf3 Nc6 3. d4 cxd4 4. Nxd4 Nf6 5. Nc3 e5 6. Ndb5 d6 7. Bg5 a6 8.
Na3 b5 9. Bxf6 gxf6 10. Nd5 f5 11. c3 Bg7 12. Bd3 Be6 13. Nxb5 Bxd5 14. exd5
Ne7 15. Na3 O-O 16. Bc4 e4 17. O-O f4 18. Qe2 f5 19. Nc2 Ng6 20. f3 e3 21. Rfd1
Qg5 22. Nd4 Bxd4 23. Rxd4 Rf6 24. Rc1 Kh8 25. Kf1 Rg8 26. Ke1 Nh4 27. Kd1 Qh6
28. g3 fxg3 29. Rxh4 Qxh4 30. hxg3 Rxg3 31. Kc2 Qf4 32. Rf1 Rfg6 33. Kd3 Rg2
34. Qxe3 Qh2 35. b4 f4 36. Qe1 Rg1 37. Qe8+ Rg8 38. Qf7 R1g7 39. Qf6 Qg2 40.
Kd4 Qd2+ 41. Ke4 Re8+ 0-1

[Event "Prva liga Centralne Srbije 2010"]
[Site "Valjevo"]
[Date "2010.09.19"]
[Round "2.4"]
[White "Stankovic, Dragan P"]
[Black "Zivanovic, Nenad"]
[Result "1/2-1/2"]
[WhiteElo "2287"]
[BlackElo "2187"]
[PlyCount "107"]
[EventDate "2010.09.18"]

1. g3 d5 2. Bg2 Nf6 3. Nf3 e6 4. O-O b6 5. b3 Be7 6. Bb2 Nbd7 7. d3 Bb7 8. Nbd2
c5 9. e4 d4 10. a4 Qc7 11. Nc4 O-O 12. Bc1 Rfe8 13. Nh4 Rad8 14. f4 a6 15. Bd2
Nf8 16. f5 exf5 17. Bf4 Qc6 18. Nxf5 Ng6 19. Bg5 h6 20. Bd2 Bf8 21. Rf2 Re6 22.
e5 Nd5 23. Qh5 Rd7 24. Raf1 b5 25. axb5 axb5 26. Na5 Qc7 27. Nxb7 Qxb7 28. Bf4
Qc7 29. Bh3 Ngxf4 30. gxf4 Rg6+ 31. Ng3 Re7 32. e6 Ne3 33. exf7+ Kh7 34. Bf5
Nxf5 35. Qxf5 Rxf7 36. Qh3 Bd6 37. Rf3 Rxf4 38. Rxf4 Bxf4 39. Rf3 Qe5 40. Kf1
Bxg3 41. hxg3 Rg5 42. Kf2 Rg6 43. Qd7 Rf6 44. Rxf6 Qxf6+ 45. Kg2 Qe5 46. Qxb5
Qe2+ 47. Kh3 Qxc2 48. b4 cxb4 49. Qf5+ Kg8 50. Qe6+ Kf8 51. Qd6+ Kf7 52. Qd5+
Ke7 53. Qe5+ Kf7 54. Qd5+ 1/2-1/2

[Event "Prva liga Centralne Srbije 2010"]
[Site "Valjevo"]
[Date "2010.09.19"]
[Round "2.4"]
[White "Ilic, Aleksandar"]
[Black "Djoric, Dusan"]
[Result "1/2-1/2"]
[WhiteElo "2144"]
[BlackElo "2300"]
[PlyCount "85"]
[EventDate "2010.09.18"]

1. e4 c5 2. Nf3 e6 3. d4 cxd4 4. Nxd4 Nf6 5. Nc3 Nc6 6. Ndb5 d6 7. Bf4 e5 8.
Bg5 a6 9. Bxf6 gxf6 10. Na3 b5 11. Nd5 Bg7 12. c3 Ne7 13. Nxe7 Qxe7 14. Qh5 b4
15. Nc4 bxc3 16. bxc3 Be6 17. Ne3 Qc7 18. Nd1 Qc8 19. Be2 f5 20. exf5 Bxf5 21.
O-O Bg6 22. Qh4 O-O 23. c4 Qc5 24. Ne3 Qd4 25. Qh3 Qf4 26. Rad1 Rfd8 27. Nd5
Qg5 28. Qa3 Bf8 29. f4 exf4 30. Rxf4 Qe5 31. Bd3 Bh6 32. Rf3 Bg7 33. Bxg6 fxg6
34. Rdf1 Rf8 35. Rxf8+ Rxf8 36. Rxf8+ Bxf8 37. Qc3 Qxc3 38. Nxc3 Bg7 39. Nd5
Kf7 40. Kf2 Bd4+ 41. Kf3 a5 42. Ke4 Bg1 43. h3 1/2-1/2

[Event "Prva liga Centralne Srbije 2010"]
[Site "Valjevo"]
[Date "2010.09.19"]
[Round "2.4"]
[White "Obradovic, Blazimir"]
[Black "Madjar, Stanislav"]
[Result "1/2-1/2"]
[WhiteElo "2194"]
[BlackElo "2145"]
[PlyCount "80"]
[EventDate "2010.09.18"]

1. Nf3 Nf6 2. d4 e6 3. g3 b6 4. Bg2 Bb7 5. O-O Be7 6. c4 O-O 7. Nc3 d5 8. Ne5
Nbd7 9. Qa4 c6 10. Rd1 Nxe5 11. dxe5 Nd7 12. cxd5 cxd5 13. e4 Nc5 14. Qc2 d4
15. Be3 d3 16. Bxc5 Bxc5 17. Rxd3 Qg5 18. Na4 Rac8 19. Nxc5 Rxc5 20. Rc3 Qxe5
21. Rxc5 bxc5 22. Rd1 g5 23. Rd7 Rb8 24. h3 Bc6 25. Rd2 Rb4 26. a3 Ba4 27. Qc1
Rd4 28. Rxd4 cxd4 29. f4 gxf4 30. gxf4 Qb5 31. f5 Qe5 32. Qg5+ Kf8 33. Qd8+ Be8
34. f6 Qc5 35. b4 Qc1+ 36. Kh2 Qf4+ 37. Kg1 Qe3+ 38. Kh1 Qc1+ 39. Kh2 Qf4+ 40.
Kg1 Qe3+ 1/2-1/2

[Event "Prva liga Centralne Srbije 2010"]
[Site "Valjevo"]
[Date "2010.09.19"]
[Round "2.5"]
[White "Iotov, Valentin"]
[Black "Radovanovic, Jovica"]
[Result "1-0"]
[WhiteElo "2588"]
[BlackElo "2305"]
[PlyCount "67"]
[EventDate "2010.09.18"]

1. d4 Nf6 2. c4 g6 3. Nc3 Bg7 4. e4 d6 5. Nf3 O-O 6. Be2 e5 7. Be3 h6 8. O-O
Ng4 9. Bc1 Nc6 10. d5 Ne7 11. Ne1 f5 12. Bxg4 fxg4 13. Be3 b6 14. b4 g5 15. a4
a5 16. bxa5 Rxa5 17. Nb5 Rf4 18. Bd2 Rxe4 19. Bxa5 bxa5 20. Rc1 Bb7 21. Qd2 Qd7
22. Qxa5 c6 23. Qc7 Qxc7 24. Nxc7 cxd5 25. a5 dxc4 26. a6 Bc6 27. a7 d5 28.
a8=Q+ Bxa8 29. Nxa8 Ng6 30. g3 Re2 31. Nb6 Rd2 32. Ng2 e4 33. Rfd1 c3 34. Nxd5
1-0

[Event "Prva liga Centralne Srbije 2010"]
[Site "Valjevo"]
[Date "2010.09.19"]
[Round "2.5"]
[White "Pantelic, Sasa"]
[Black "Nestorovic, Nikola"]
[Result "0-1"]
[WhiteElo "2359"]
[BlackElo "2420"]
[PlyCount "94"]
[EventDate "2010.09.18"]

1. d4 Nf6 2. c4 c5 3. d5 b5 4. cxb5 a6 5. b6 e6 6. Nc3 exd5 7. Nxd5 Nxd5 8.
Qxd5 Nc6 9. Bg5 f6 10. Bd2 Qxb6 11. Bc3 Be7 12. e3 Bb7 13. Qd2 O-O-O 14. a3 d5
15. Qc2 d4 16. exd4 cxd4 17. Bd2 Rhe8 18. Bd3 Bxa3+ 19. Ne2 Qxb2 20. Rxa3 Qxa3
21. O-O Rd5 22. Bf4 Rc5 23. Qb1 Qb4 24. Qa2 Ra5 25. Qf7 Qe7 26. Qc4 Qe6 27. Qc1
Qd5 28. Bc4 Qd7 29. Bd3 g5 30. Bd2 Rae5 31. Ng3 Kb8 32. Qa3 Ka7 33. Ra1 Nb8 34.
Qb2 f5 35. f3 g4 36. fxg4 fxg4 37. Rb1 Qd5 38. Bb4 Rc8 39. Ba5 Ka8 40. Bb6 Re3
41. Bf1 Rec3 42. Ne2 Rc2 43. Qxd4 Qxd4+ 44. Bxd4 Nc6 45. Bb6 Ne5 46. Ra1 Nc4
47. Bf2 Nd2 0-1

[Event "Prva liga Centralne Srbije 2010"]
[Site "Valjevo"]
[Date "2010.09.19"]
[Round "2.5"]
[White "Todorovic, Jovan"]
[Black "Misojcic, Miroslav"]
[Result "1/2-1/2"]
[WhiteElo "2417"]
[BlackElo "2248"]
[PlyCount "51"]
[EventDate "2010.09.18"]

1. e4 c5 2. Nf3 Nc6 3. Bb5 Qc7 4. Nc3 e6 5. O-O a6 6. Bxc6 Qxc6 7. d4 cxd4 8.
Nxd4 Qc7 9. Re1 d6 10. Bg5 Nf6 11. Bxf6 gxf6 12. Qh5 Rg8 13. Qxh7 Rg6 14. Nf5
b5 15. Nd5 Qd8 16. Nf4 Rg4 17. Nh5 Bb7 18. Nfg7+ Bxg7 19. Nxg7+ Ke7 20. h3 Rg5
21. Nf5+ exf5 22. exf5+ Kf8 23. Qh8+ Rg8 24. Qh6+ Rg7 25. Qh8+ Rg8 26. Qh6+
1/2-1/2